000 00451nam a2200193Ia 4500
008 240509s9999 xx 000 0 und d
020 _a0008120312562
041 _aEng
082 _a005.131
082 _bN39
100 _aNIZARD A.F.
245 0 _aMATHEMATICAL METHODS AND PROGRAMMING
260 _bNEW DELHI : PRINTICE HALL
260 _c1998
300 _a275 p.
650 _aMATHEMATICS : PROGRAMMING
942 _2ddc
942 _cLBK
999 _c23036
_d23036
945 _a1
_bMadushi Gamage
_c1
_dMadushi Gamage